| 000 | 01225nam a2200253Ia 4500 | ||
|---|---|---|---|
| 999 |
_c52941 _d52941 |
||
| 001 | 19971 | ||
| 003 | GE_BSU | ||
| 005 | 20200522234836.0 | ||
| 008 | 181216s2002||||ge |||||||||||||| ||geo|| | ||
| 020 | _a99928-58-48-6 ; 99928-58-53-2 (II ტომი) | ||
| 040 | _cGE_BSU | ||
| 041 | _ageo | ||
| 080 | _a81'374.822=353.32=353.1 ქ-34 | ||
| 100 |
_aქაჯაია, ოთარ _98161 |
||
| 245 |
_aმეგრულ-ქართული ლექსიკონი ტ. 2 : (ზ - ს) = Megrelian-Georgian dictionary / _cოთარ ქაჯაია ; სარედ. საბჭო : ც. ბარბაქაძე და სხვ. ; ტომის რედ. ზ. სარჯველაძე. |
||
| 264 |
_aთბილისი : _bნეკერი, _c2002. |
||
| 300 |
_a636 გვ. ; _c 29 სმ. |
||
| 490 | _aქართველოლოგიური ბიბლიოთეკა | ||
| 541 | _h50 ლ. | ||
| 653 | _aმეგრულ-ქართული ლექსიკონი ტ. 2 : (ზ - ს) | ||
| 653 | _aქართული ენა | ||
| 700 |
_aსარჯველაძე, ზ. _eტომის რედაქტორი _97542 |
||
| 942 |
_cBK _2udc |
||